000 00654nam a2200181Ia 4500
008 090123s9999 xx 000 0 und d
082 _b33944
100 _aआगाशे म.कृ.
245 _aमॅडमचं कुंकु अॅडमचा एक्सरे
250 _a1
260 _bश्रीपाद प्रकाशन
_c2002
300 _a118
600 _aआगाशे म.कृ.
630 _aमॅडमचं कुंकु अॅडमचा एक्सरे
700 _aआगाशे म.कृ.
730 _aमॅडमचं कुंकु अॅडमचा एक्सरे
942 _cBOOK
999 _c71998
_d71998